| 000 | 00500nam a2200169Ia 4500 | ||
|---|---|---|---|
| 999 |
_c26300 _d26300 |
||
| 003 | OSt | ||
| 005 | 20201221125532.0 | ||
| 008 | 190216s9999||||xx |||||||||||||| ||und|| | ||
| 040 | _coclc | ||
| 082 |
_a894.8121 _bUNI/N |
||
| 100 |
_aUniversity, Calicut _9635 |
||
| 245 | 0 |
_aNaveena Kavitha / _cCalicut University |
|
| 260 |
_bCalicut University Publications, _c1987. _aCalicut: |
||
| 300 | _a56p | ||
| 650 | _aKavithkal | ||
| 942 |
_cBK _2ddc _h894.8121 _iUNI/N _k894.8121 _mUNI/N |
||